Loading...
| Fine Arts - Visual Fine Arts | 0 | 7 | 1 | 0 | 65 | 95 | 126.86 | 5 | 7 |
| Science - Biology | 1 | 4 | 1 | 0 | 50 | 57 | 86.60 | 3 | 5 |
| History - American History | 0 | 5 | 1 | 1 | 45 | 86 | 108.60 | 2 | 5 |
| Science - Chemistry | 0 | 6 | 3 | 3 | 45 | 75 | 109.17 | 0 | 6 |
| Science - Other Science | 0 | 4 | 0 | 0 | 40 | 79 | 103.75 | 1 | 4 |
| Literature - World Literature | 0 | 4 | 0 | 1 | 40 | 102 | 128.25 | 0 | 4 |
| Philosophy | 0 | 4 | 0 | 0 | 40 | 80 | 119.50 | 1 | 4 |
| Fine Arts - Auditory Fine Arts | 0 | 4 | 1 | 0 | 35 | 99 | 110.25 | 4 | 4 |
| History - European History | 0 | 4 | 1 | 2 | 35 | 84 | 120.75 | 1 | 4 |
| History - Other History | 0 | 3 | 0 | 0 | 30 | 111 | 120.33 | 0 | 3 |
| Social Science | 0 | 3 | 0 | 0 | 30 | 107 | 112.33 | 3 | 3 |
| Fine Arts - Other Fine Arts | 0 | 3 | 0 | 0 | 30 | 111 | 123.00 | 1 | 3 |
| Literature - European Literature | 0 | 3 | 1 | 0 | 25 | 113 | 127.00 | 2 | 3 |
| Literature - American Literature | 0 | 2 | 0 | 0 | 20 | 129 | 138.00 | 0 | 2 |
| Religion | 0 | 2 | 0 | 1 | 20 | 142 | 142.50 | 0 | 2 |
| Pop Culture | 0 | 2 | 0 | 0 | 20 | 127 | 130.00 | 0 | 2 |
| Literature - British Literature | 0 | 2 | 1 | 1 | 15 | 143 | 143.50 | 0 | 2 |
| Mythology | 0 | 2 | 2 | 0 | 10 | 109 | 112.00 | 1 | 2 |
| History - World History | 0 | 1 | 0 | 0 | 10 | 76 | 76.00 | 1 | 1 |
| Science - Physics | 0 | 1 | 2 | 1 | 0 | 132 | 132.00 | 0 | 1 |